An enviromental comparison industrial cashew farming with the waste natural forest along road N 4 and natural forest, ការប្រៀបធៀបបរិស្ថានចំការឧស្សាហកម្មស្វាយចន្ទីជាមួយព្រៃធម្មជាតិរិចរិលនៅតាមបណ្ដោយផ្លូវជាតិលេខ៤ និងព្រៃធម្មជាតិ (Record no. 3130)

000 -LEADER
fixed length control field 00800nam a22001577a 4500
003 - CONTROL NUMBER IDENTIFIER
control field OSt
005 - DATE AND TIME OF LATEST TRANSACTION
control field 20151104152913.0
008 - FIXED-LENGTH DATA ELEMENTS--GENERAL INFORMATION
fixed length control field 151104b xxu||||| |||| 00| 0 eng d
040 ## - CATALOGING SOURCE
Transcribing agency RUA
082 ## - DEWEY DECIMAL CLASSIFICATION NUMBER
Classification number FOR NHE 1997 B123 Or.1
100 ## - MAIN ENTRY--PERSONAL NAME
9 (RLIN) 3358
Personal name NHEM, TARARITH.
245 ## - TITLE STATEMENT
Title An enviromental comparison industrial cashew farming with the waste natural forest along road N 4 and natural forest, ការប្រៀបធៀបបរិស្ថានចំការឧស្សាហកម្មស្វាយចន្ទីជាមួយព្រៃធម្មជាតិរិចរិលនៅតាមបណ្ដោយផ្លូវជាតិលេខ៤ និងព្រៃធម្មជាតិ
260 ## - PUBLICATION, DISTRIBUTION, ETC. (IMPRINT)
Place of publication, distribution, etc. Phnom Penh
Name of publisher, distributor, etc. RUA
Date of publication, distribution, etc. 1997
300 ## - PHYSICAL DESCRIPTION
Extent 82p.
Other physical details ill.
Dimensions 29cm.
942 ## - ADDED ENTRY ELEMENTS (KOHA)
Source of classification or shelving scheme
Koha item type FOR
Holdings
Price effective from Date last seen Permanent Location Not for loan Date acquired Source of classification or shelving scheme Koha item type Lost status Withdrawn status Date last checked out Total Checkouts Shelving location Damaged status Barcode Current Location Full call number
2015-11-042015-11-04Library Block B 2015-11-04 FOR    B123 RUA010993Library Block BFOR NHE 1997 B123 Or.1
2015-11-042015-11-04Library Block B 2015-11-04 FOR    B123 RUA010702Library Block BFOR NHE 1997 B123 Or.2
2015-11-042023-10-18Library Block B 2015-11-04 FOR  2023-10-021B123 RUA010722Library Block BFOR NHE 1997 B123 Or.3
2015-11-042015-11-04Library Block B 2015-11-04 FOR    B123 RUA010794Library Block BFOR NHE 1997 B123 Or.4
2015-11-062015-11-06Library Block B 2015-11-06 FOR    B123 RUA035313Library Block BFOR NHE 1997 B123 Or.5
មជ្ឈមណ្ឌលឯការនៃសាកលវិទ្យាល័យភូមិន្ទកសិកម្មចំការដូង

Powered by Koha